000 00921nam a22002297a 4500
005 2011050906536.0
008 110509t xxu||||| |||| 00| 0 eng d
010 _aENG-102401
020 _a9789380388847
_c1095.00
035 _aEN-85934
037 _bDBAD/PUB
040 _aDPL
_bEng
082 _a940.1
100 _aVarma, S. K.
_927875
245 _aHistory of medieval Europe /
_cby S. K. Varma
260 _aNew Delhi
_bDPS Publishing House
_c2011
270 _aRoom No. 213,7/28 Mahavir Street, Ansari Road, Daryaganj
_bNew Delhi
_e110002
_k011-23251264, 91-9811734184
_mprashant_pbd@yahoo.co.in
300 _aviii,312p.
_c22cm (Hb)
500 _aIncludes bibliographical references and index
942 _2ddc
_cEN
_h940.1
_mVAR
999 _c52218
_d52218